000 00362nam a22001217a 4500
999 _c2669
_d2669
005 20200922152407.0
008 200922b ||||| |||| 00| 0 eng d
020 _a0385070748
040 _cCML
245 _aThe Real America.
_cWattenberg, B.J.
260 _aNew york
_bDoubleday and Company, Inc.
_c1974
942 _2ddc
_cBK
_e1st Edition
_h309
_mWAT